Culture Générale - Série 1670 - Statistiques

Statistiques générales
  • Ce quiz a été pris 92 fois
  • Le résultat moyen est 6 sur 10
Statistiques - réponses
Question Réponse % Correct
Quel étui, dans lequel on range son argent et ses papiers, désigne une façon de faire son lit qui empêche de s'étendre complètement ? portefeuille
93%
Dans quelle capitale africaine pouvez-vous visiter le quartier populaire de Bab el-Oued ? Alger
91%
Quelle unité monétaire a pour symbole latinisé un "Y" barré de deux traits horizontaux ? yen
86%
Dans quel état des Etats Unis se trouve la ville de Baton Rouge ? Louisiane
81%
Quel département français regroupe les villes de Montargis, Orléans et Pithiviers ? Loiret
68%
Dans quel département se trouve Cahors ? Lot
56%
En 2008, quel prestigieux prix de littérature a été décerné à Jean-Marie Gustave Le Clézio ? prix Nobel
49%
Quelle est la capitale du Bénin ? Porto Novo
41%
Dans quelle région d'Italie se trouve Rome ? Latium
28%
L'acteur Laurent Tchemerzine, disparu en juillet 2010 et révélé par Marcel Carné dans "Les Tricheurs" en 1958, est plus connu sous le nom de Laurent... Terzieff
19%
Aucun quiz correspondant
Distribution des résultats
% des personnes avec chaque résultat
Percentile par nombre de réponses
Votre historique - résultats
Vous n’avez pas pris ce quiz